000
00333 a2200157 4500
001
161534
020
_a
040
_c
Magnum
100
_a
Segatto, Eline Maria Ianni
240
1
0
_a
Rebelioes tenentistas
_l
por
245
1
0
_a
Rebelioes tenentistas
362
0
_a
1899
440
1
_a
Ática
697
_a
PARADIDATICO
942
_c
BK
999
_c
161534
_d
161534